[Event "Titled Tue 1st Jul Early"]
[Site "chess.com INT"]
[Date "2025.07.01"]
[Round "11"]
[White "Nihal, Sarin"]
[Black "Materia, Marco"]
[Result "1-0"]
[WhiteTitle "GM"]
[BlackTitle "IM"]
[WhiteElo "2692"]
[BlackElo "2493"]
[WhiteFideId "25092340"]
[BlackFideId "45150451"]
[EventDate "2025.07.01"]

1. e4 c6 2. d4 d5 3. e5 Bf5 4. Nf3 e6 5. Be2 c5 6. Be3 Nc6 7. dxc5 Nge7 8. c3
Ng6 9. Bd4 Qc7 10. O-O Be7 11. Re1 O-O 12. Bd3 Bg4 13. Bxg6 fxg6 14. Nbd2 g5 15.
Qa4 Rf4 16. Qc2 Bf5 17. Qd1 Nxd4 18. Nxd4 Bxc5 19. N2b3 Bb6 20. g3 Re4 21. Nxf5
Rxe1+ 22. Qxe1 exf5 23. Rd1 Qc4 24. Qd2 g4 25. Qxd5+ Qxd5 26. Rxd5 Re8 27. Kf1
Re7 28. Nc1 Kf7 29. Nd3 g5 30. a4 Bc7 31. b4 Ke6 32. c4 b6 33. Ke2 Rd7 34. Rxd7
Kxd7 35. Ke3 Ke6 36. Kd4 h5 37. c5 h4 38. Kc4 hxg3 39. hxg3 bxc5 40. Kxc5 Bb6+
41. Kc4 f4 42. Nc5+ Kf5 43. a5 Bd8 44. Kd5 Be7 45. Nd3 fxg3 46. fxg3 Bf8 47. b5
Be7 48. b6 axb6 49. a6 1-0

[Event "Titled Tue 1st Jul Early"]
[Site "chess.com INT"]
[Date "2025.07.01"]
[Round "11"]
[White "Ishvi, Aggarwal"]
[Black "Shakirov, Marat"]
[Result "0-1"]
[WhiteTitle "WCM"]
[BlackTitle "FM"]
[WhiteElo "1954"]
[BlackElo "2167"]
[WhiteFideId "25728890"]
[BlackFideId "44118171"]
[EventDate "2025.07.01"]

1. d4 Nf6 2. c4 g6 3. Nc3 Bg7 4. g3 O-O 5. Bg2 d6 6. Nf3 Nc6 7. O-O e5 8. d5 Nb8
9. e4 a5 10. Ne1 Na6 11. Nd3 Nd7 12. Be3 f5 13. f4 Qe7 14. Qe2 exf4 15. Bxf4 Nb4
16. Rae1 Nxd3 17. Qxd3 Nc5 18. Qe2 Bxc3 19. bxc3 fxe4 20. Bxe4 Bh3 21. Bg2 Qxe2
22. Rxe2 Bxg2 23. Kxg2 Rae8 24. Rfe1 Kf7 25. Be3 Nd3 26. Rf1+ Kg8 27. Rxf8+ Kxf8
28. Bh6+ Kf7 29. Rd2 Ne5 30. c5 dxc5 31. d6 cxd6 32. Rxd6 Re6 33. Rd8 Rb6 34.
Rf8+ Ke6 35. Re8+ Kd5 36. Bf4 Rb2+ 37. Kh3 Nf3 38. Kg4 Nxh2+ 39. Kg5 Nf3+ 40.
Kf6 Rxa2 41. Re3 Rf2 42. Re7 b5 43. Rd7+ Kc4 44. Rxh7 a4 45. Rc7 a3 46. Ra7 a2
47. Ke6 g5 48. Bd6 Re2+ 49. Kd7 Ne5+ 50. Kc7 Nd3 51. Kc6 b4 52. cxb4 cxb4 53.
Ra4 Kb3 54. Kb5 Re6 55. Bxb4 Re5+ 56. Kc6 Nxb4+ 57. Kd6 Kxa4 58. Kxe5 a1=Q+ 59.
Kf5 Qc1 60. Kg4 Nd5 61. Kh5 Qe3 62. Kg4 Nf6+ 63. Kf5 Qxg3 64. Kxf6 Qf4+ 65. Kg6
g4 66. Kh5 g3 67. Kg6 g2 68. Kh5 Qg3 69. Kh6 g1=Q 70. Kh7 Q1h2# 0-1

[Event "Titled Tue 1st Jul Early"]
[Site "chess.com INT"]
[Date "2025.07.01"]
[Round "11"]
[White "Gogolev, Artem"]
[Black "Kamalsyah, Muhammad"]
[Result "1-0"]
[WhiteTitle "IM"]
[BlackTitle "FM"]
[WhiteElo "2240"]
[BlackElo "2314"]
[WhiteFideId "4116615"]
[BlackFideId "7105932"]
[EventDate "2025.07.01"]

1. d4 Nf6 2. c4 e6 3. g3 Bb4+ 4. Nd2 O-O 5. Bg2 d6 6. Nf3 Nc6 7. O-O Bxd2 8.
Qxd2 e5 9. d5 Nb8 10. Ne1 Bf5 11. b4 a5 12. bxa5 Nbd7 13. Bb2 Nc5 14. Nd3 Nfd7
15. Ba3 Ne4 16. Qe1 Bg6 17. Rb1 Ra7 18. Bb4 f5 19. Qc1 Bh5 20. Re1 f4 21. Bxe4
fxg3 22. hxg3 Nf6 23. Bf5 Bg4 24. Bxg4 Nxg4 25. f3 Nf6 26. Qg5 Qe8 27. c5 h6 28.
Qh4 e4 29. Nf2 Nxd5 30. Qxe4 Qf7 31. cxd6 cxd6 32. Bxd6 Re8 33. Qd4 Rxa5 34. a3
Nf6 35. Bb4 Rd5 36. Qf4 Qg6 37. e4 Rg5 38. g4 h5 39. Bd2 Rc5 40. Be3 Ra5 41. Bd2
Rc5 42. Be3 Ra5 43. g5 Nh7 44. Nh3 Nf8 45. Kh2 Ne6 46. Qd6 Rxa3 47. Qxa3 h4 48.
Rg1 Rf8 49. Rbf1 Qh5 50. Qa2 Qf7 51. g6 Qc7+ 52. Kh1 Qe5 53. Ng5 1-0

[Event "Titled Tue 1st Jul Early"]
[Site "chess.com INT"]
[Date "2025.07.01"]
[Round "11"]
[White "Yalcinkaya, Efe"]
[Black "Campos Gomez, Manuel"]
[Result "0-1"]
[WhiteTitle "CM"]
[BlackTitle "IM"]
[WhiteElo "2225"]
[BlackElo "2359"]
[WhiteFideId "44506619"]
[BlackFideId "4444710"]
[EventDate "2025.07.01"]

1. c4 e6 2. Nc3 d5 3. d4 c6 4. Nf3 dxc4 5. a4 Bb4 6. e4 b5 7. Qc2 a5 8. Be2 Ne7
9. O-O Qb6 10. Be3 Qb7 11. Nd2 O-O 12. f4 Rd8 13. Nf3 f5 14. Bf2 Nd7 15. Ng5 Nf6
16. axb5 cxb5 17. exf5 Bxc3 18. bxc3 exf5 19. Rab1 Qd7 20. d5 Nexd5 21. Bd4 Bb7
22. Nf3 Ne4 23. Ne5 Qe8 24. g4 Ba6 25. gxf5 Nef6 26. Kh1 Rac8 27. Rg1 b4 28. Rg3
b3 29. Qb2 Nxf4 30. Rbg1 Bb7+ 31. Bf3 Bxf3+ 32. Nxf3 Qc6 33. Rxg7+ Kh8 34. Qf2
Rxd4 35. cxd4 b2 36. Qg3 N4h5 37. Rxh7+ Nxh7 38. Qe5+ N5f6 39. d5 Qxd5 40. Qf4
Qe4 41. Qg3 Rg8 42. Qf2 Rxg1+ 43. Kxg1 b1=Q+ 44. Kg2 Qbc2 45. Kg3 Qxf2+ 46. Kxf2
Qxf3+ 47. Kxf3 a4 48. Ke3 a3 49. Kd4 a2 50. Kc3 a1=Q+ 51. Kb4 c3 52. Kc5 c2 53.
Kd6 c1=Q 54. h4 Qd4+ 55. Ke7 Qc7+ 56. Ke6 Qd5# 0-1

[Event "Titled Tue 1st Jul Early"]
[Site "chess.com INT"]
[Date "2025.07.01"]
[Round "11"]
[White "Xalmatov, Yakubjon"]
[Black "Estrada Nieto, Julian"]
[Result "1-0"]
[WhiteTitle "CM"]
[BlackTitle "IM"]
[WhiteElo "2096"]
[BlackElo "2189"]
[WhiteFideId "14201615"]
[BlackFideId "5101018"]
[EventDate "2025.07.01"]

1. e4 e5 2. Nf3 Nc6 3. Bb5 a6 4. Ba4 Nf6 5. d3 d6 6. O-O g6 7. c4 Bg7 8. Nc3 O-O
9. h3 Nd7 10. Nd5 Nd4 11. Nxd4 exd4 12. Bxd7 Bxd7 13. Nf4 a5 14. Bd2 f5 15. f3
Qh4 16. Nd5 Qd8 17. exf5 Bxf5 18. Re1 Rf7 19. Bc1 Be5 20. f4 Bg7 21. g4 Bd7 22.
Qe2 Qh4 23. Qf2 Qxh3 24. g5 Bc6 25. Qg2 Qxg2+ 26. Kxg2 Raf8 27. Bd2 a4 28. Kg3
Bxd5 29. cxd5 h6 30. gxh6 Bxh6 31. Re4 Bg7 32. Rc1 g5 33. Rf1 gxf4+ 34. Kf3 Rf5
35. Rg1 Kh7 36. Re7 R8f7 37. Re2 Rh5 38. Reg2 Be5 39. Kf2 f3 40. Rg4 Rh2+ 41.
Kf1 Rg7 42. Rxg7+ Bxg7 43. Bf4 Rc2 44. Rg3 f2 45. Rg2 Rxb2 46. Rh2+ Kg6 47. Rxf2 1-0

[Event "Titled Tue 1st Jul Early"]
[Site "chess.com INT"]
[Date "2025.07.01"]
[Round "11"]
[White "Lazaro Azcutia, Miguel"]
[Black "Alvarado Diaz, Alejandro"]
[Result "0-1"]
[WhiteTitle "CM"]
[BlackTitle "IM"]
[WhiteElo "2275"]
[BlackElo "2484"]
[WhiteFideId "54538254"]
[BlackFideId "2276119"]
[EventDate "2025.07.01"]

1. e4 d5 2. exd5 Qxd5 3. Nc3 Qa5 4. Bc4 Nf6 5. d3 Bg4 6. f3 Bd7 7. Bd2 c6 8. Qe2
Qc7 9. Bb3 a5 10. a4 Na6 11. d4 Nb4 12. O-O-O Nbd5 13. Nh3 Bxh3 14. gxh3 e6 15.
Kb1 Nxc3+ 16. Bxc3 Bb4 17. Bd2 Bxd2 18. Rxd2 O-O 19. Rg1 Rad8 20. Qe3 g6 21. h4
Nh5 22. Rg4 Rfe8 23. Rdg2 Ng7 24. h5 Nf5 25. Qg5 Qe7 26. hxg6 hxg6 27. c3 Qxg5
28. Rxg5 Kg7 29. Bc2 Ne3 30. Re2 Nd5 31. h4 Rh8 32. Rh2 Kf6 33. Rg4 Ke7 34. Bb3
Rh5 35. Rg5 Rdh8 36. Rxh5 Rxh5 37. Bxd5 cxd5 38. f4 Kf6 39. Kc2 Kf5 40. b4 b6
41. Kd3 Kg4 42. bxa5 bxa5 43. Rb2 Rxh4 44. Rb5 Rh3+ 45. Kc2 Kxf4 46. Rxa5 g5 47.
Ra7 f5 48. Rg7 g4 49. a5 Rh1 50. Kb2 Rh8 51. a6 Ra8 52. a7 g3 53. Kb3 g2 54. Kb4
Kf3 55. Kb5 Rxa7 0-1

[Event "Titled Tue 1st Jul Early"]
[Site "chess.com INT"]
[Date "2025.07.01"]
[Round "11"]
[White "Rietze, Clemens"]
[Black "Beyer, Lorenz"]
[Result "0-1"]
[WhiteTitle "FM"]
[BlackTitle "CM"]
[WhiteElo "2348"]
[BlackElo "2192"]
[WhiteFideId "24620351"]
[BlackFideId "16245393"]
[EventDate "2025.07.01"]

1. d4 Nf6 2. c4 e6 3. Nf3 d5 4. Nc3 Be7 5. Bf4 b6 6. e3 O-O 7. Qc2 Bb7 8. cxd5
Nxd5 9. Bg3 Nb4 10. Qb3 c5 11. Rd1 Qc8 12. dxc5 Bxc5 13. a3 Nd5 14. Nb5 a6 15.
Nbd4 Nc6 16. Be2 Nxd4 17. Nxd4 Bxd4 18. Rxd4 Qc6 19. Rc4 Qd7 20. O-O b5 21. Rd4
Qe7 22. e4 Nb6 23. Bd6 Qf6 24. e5 Qg6 25. Rg4 Qh6 26. Bxf8 Rxf8 27. Bf3 Bd5 28.
Qe3 Qxe3 29. fxe3 Nc4 30. Bxd5 exd5 31. Rd4 Nxe3 32. Rc1 Re8 33. Kf2 Nc4 34.
Rxd5 g6 35. Re1 Nxb2 36. Rd6 a5 37. Rd5 b4 38. axb4 axb4 39. Re4 Rb8 40. Ke2 Na4
41. Ra5 Nc3+ 42. Kd3 Nxe4 43. Kxe4 b3 44. Ra1 b2 45. Rb1 Kf8 46. Kd3 Ke8 47. Kc3
Ke7 48. Rxb2 Rxb2 49. Kxb2 Ke6 50. Kc3 Kxe5 51. Kd3 f5 52. Ke3 g5 53. Kf3 h5 54.
g3 Kd4 55. h3 Ke5 56. h4 gxh4 57. gxh4 f4 58. Kg2 Kf5 59. Kf3 Ke5 60. Kg2 Ke4
61. Kf2 f3 62. Kf1 Kf4 63. Kf2 Kg4 0-1

[Event "Titled Tue 1st Jul Early"]
[Site "chess.com INT"]
[Date "2025.07.01"]
[Round "11"]
[White "Begunov, Konstantin"]
[Black "Lopez Rayo, Isabella"]
[Result "1/2-1/2"]
[WhiteTitle "FM"]
[BlackTitle "WFM"]
[WhiteElo "2325"]
[BlackElo "1998"]
[WhiteFideId "4118510"]
[BlackFideId "4452755"]
[EventDate "2025.07.01"]

1. d4 d5 2. c4 e6 3. Nc3 Nf6 4. cxd5 exd5 5. Bg5 Nbd7 6. e3 Be7 7. Bd3 c6 8. Nf3
h6 9. Bh4 O-O 10. O-O Re8 11. Qc2 Ne4 12. Bxe4 Bxh4 13. Bh7+ Kh8 14. Bf5 Bf6 15.
b4 a6 16. a4 Nb6 17. b5 axb5 18. axb5 Rxa1 19. Rxa1 Nc4 20. Ra8 Qc7 21. bxc6
bxc6 22. Na4 Qb7 23. Rxc8 Rxc8 24. Nc5 Qc7 25. Bxc8 Qxc8 26. Nd2 Nxd2 27. Qxd2
Qf5 28. g3 Be7 29. Nd3 h5 30. h4 Qg4 31. Ne5 Qe6 32. Qc3 c5 33. dxc5 Bxc5 34.
Nxf7+ Qxf7 35. Qxc5 Qf3 36. Qc8+ Kh7 37. Qc2+ Kg8 38. Qd2 Kf7 39. Qd4 g6 40.
Qf4+ Qxf4 41. gxf4 Ke6 42. f3 Kf6 43. Kf2 Kf5 44. Ke2 d4 45. exd4 Kxf4 46. Kf2
g5 47. hxg5 Kxg5 48. Kg3 Kf5 49. f4 Ke4 50. Kh4 Kxf4 51. Kxh5 Ke4 52. Kg5 Kd5
53. Kf4 Kxd4 1/2-1/2

[Event "Titled Tue 1st Jul Early"]
[Site "chess.com INT"]
[Date "2025.07.01"]
[Round "11"]
[White "Chigaev, Maksim"]
[Black "Le, Tuan Minh"]
[Result "0-1"]
[WhiteTitle "GM"]
[BlackTitle "GM"]
[WhiteElo "2628"]
[BlackElo "2598"]
[WhiteFideId "4108116"]
[BlackFideId "12401153"]
[EventDate "2025.07.01"]

1. e4 c5 2. Nf3 Nf6 3. d3 Nc6 4. g3 g6 5. Bg2 Bg7 6. O-O O-O 7. Re1 d6 8. Nbd2
Rb8 9. h3 b5 10. e5 Ne8 11. exd6 Nxd6 12. c3 b4 13. c4 Bf5 14. Nb3 Nb7 15. Bf4
Rc8 16. Ne5 Bxe5 17. Bxe5 Qxd3 18. Qc1 Nxe5 19. Rxe5 Nd6 20. g4 Nxc4 21. Rd5 Qe2
22. gxf5 Nb6 23. Rxc5 a5 24. Nd4 Qd3 25. Nc6 Qd6 26. Qc2 Qf6 27. Re1 Rc7 28.
Nxa5 Rxc5 29. Qxc5 Na4 30. Qxb4 Nxb2 31. Qxe7 Qc3 32. Qe5 Qa3 33. Re3 Qxa2 34.
Re2 Qb1+ 35. Kh2 Nd3 36. Qg3 Nc5 37. fxg6 hxg6 38. Nc4 Qb5 39. Rc2 Ne6 40. Nd6
Qa4 41. Rc4 Qa5 42. Rg4 Kg7 43. Nc4 Qh5 44. Ne5 Rd8 45. Nf3 Rd3 46. Qe5+ Qxe5+
47. Nxe5 Rd2 48. Kg1 Rb2 49. Rc4 Re2 50. Bf1 Rxe5 51. h4 Rd5 52. Kg2 Kf6 53. Kg3
Rd2 54. Ra4 Nd4 55. Ra6+ Kg7 56. Bh3 Rd3+ 57. Kf4 Rxh3 0-1

[Event "Titled Tue 1st Jul Early"]
[Site "chess.com INT"]
[Date "2025.07.01"]
[Round "11"]
[White "Moldagali, Beksultan"]
[Black "Weerasekara, Dishal Nimsara"]
[Result "0-1"]
[WhiteTitle "FM"]
[BlackTitle "FM"]
[WhiteElo "2397"]
[BlackElo "2104"]
[WhiteFideId "13734768"]
[BlackFideId "9997431"]
[EventDate "2025.07.01"]

1. e4 c6 2. d4 d5 3. Nc3 dxe4 4. Nxe4 Nf6 5. Nxf6+ exf6 6. Bd3 Bd6 7. Qh5 Be6 8.
Ne2 Qc7 9. O-O Nd7 10. c4 Nf8 11. c5 Be7 12. Bf4 Qd7 13. h3 g5 14. Be3 Ng6 15.
Rad1 O-O-O 16. Nc3 g4 17. d5 cxd5 18. Bb5 Qc7 19. hxg4 Ne5 20. Be2 Kb8 21. b4
Rhg8 22. Nb5 Qc8 23. Nd4 Bxg4 24. Bxg4 Rxg4 25. f3 Rg6 26. Bf4 Ka8 27. Bxe5 fxe5
28. Qxe5 Bf6 29. Qf4 Rdg8 30. Rf2 Bg5 31. Qf5 Be3 32. Qxc8+ Rxc8 33. Nf5 Bxf2+
34. Kxf2 Rd8 35. Rd4 Kb8 36. Nd6 Rdxd6 37. cxd6 Rxd6 38. Rh4 h6 39. Ke3 Ra6 40.
g4 Rxa2 41. Rxh6 Rb2 42. Rf6 Rxb4 43. Rxf7 Rb1 44. g5 Rg1 45. f4 a5 46. Rf6 a4
47. g6 a3 48. Rf8+ Ka7 49. f5 a2 50. g7 a1=Q 51. g8=Q Rxg8 52. Rxg8 Qe5+ 53. Kd2
Qxf5 0-1

[Event "Titled Tue 1st Jul Early"]
[Site "chess.com INT"]
[Date "2025.07.01"]
[Round "11"]
[White "Sharapov, Yevhen"]
[Black "Chiappero, Julio Alfredo"]
[Result "1-0"]
[WhiteTitle "GM"]
[BlackTitle "FM"]
[WhiteElo "2375"]
[BlackElo "2238"]
[WhiteFideId "14103133"]
[BlackFideId "139998"]
[EventDate "2025.07.01"]

1. e4 c5 2. Nf3 e6 3. c4 Nc6 4. Nc3 Nd4 5. Nxd4 cxd4 6. Ne2 e5 7. Ng3 d6 8. Be2
Nf6 9. d3 Rb8 10. O-O Be7 11. f4 O-O 12. fxe5 dxe5 13. Nf5 Bxf5 14. Rxf5 b5 15.
b3 bxc4 16. bxc4 Nd7 17. Kh1 f6 18. Rf1 Qa5 19. Bd2 Qa3 20. Bc1 Qc3 21. Bd2 Qa3
22. Rf3 Nc5 23. Rg3 Kh8 24. h4 Nxe4 25. Rf3 Nxd2 26. Qxd2 Rb2 27. Qe1 Rxa2 28.
Rxa2 Qxa2 29. Bf1 Qb2 30. h5 a5 31. Qxa5 Qc1 32. Qc7 Bb4 33. Qb6 Bd2 34. Qd6 Rg8
35. Rxf6 Bf4 36. Rxf4 Qxf4 37. Be2 Qc1+ 38. Kh2 Qf4+ 39. Kh1 Rf8 40. Bf3 Qc1+
41. Kh2 Qf4+ 42. Kh1 Qh4+ 43. Kg1 Qe1+ 44. Kh2 Qh4+ 45. Kg1 Qf6 46. Qd5 Rd8 47.
Qe4 Rb8 48. c5 Rb1+ 49. Kh2 Qf4+ 50. Qxf4 exf4 51. c6 Rc1 52. Kh3 Kg8 53. Kg4
Kf7 54. Kxf4 Ke6 55. Be4 h6 56. g4 Rc2 57. Kf3 Rc1 58. Kf4 Rc2 59. Kf3 1-0

[Event "Titled Tue 1st Jul Early"]
[Site "chess.com INT"]
[Date "2025.07.01"]
[Round "11"]
[White "Mecit, Emre"]
[Black "Light, Bjarne"]
[Result "1-0"]
[BlackTitle "CM"]
[WhiteElo "2007"]
[BlackElo "2227"]
[WhiteFideId "6304214"]
[BlackFideId "1401360"]
[EventDate "2025.07.01"]

1. e4 c5 2. Nf3 e6 3. d4 cxd4 4. c3 d5 5. exd5 Qxd5 6. cxd4 Nf6 7. Nc3 Qa5 8.
Bc4 Nc6 9. O-O Bb4 10. Qb3 O-O 11. Bg5 Be7 12. Bxf6 Bxf6 13. d5 exd5 14. Nxd5
Qd8 15. Rad1 Na5 16. Qb4 Nxc4 17. Qxc4 Be6 18. Rfe1 Rc8 19. Nxf6+ Qxf6 20. Qd4
Qxd4 21. Nxd4 Bxa2 22. Ra1 Bd5 23. Rxa7 g6 24. h3 Rc4 25. Rd1 Rfc8 26. Nf3 Bxf3
27. gxf3 Rc1 28. Rxc1 Rxc1+ 29. Kg2 Rc7 30. Kg3 Kg7 31. b4 h5 32. b5 Kf6 33. b6
Rd7 34. Kf4 g5+ 35. Ke4 Ke6 36. Ra5 f6 37. f4 gxf4 38. Rxh5 Rd6 39. Rb5 Rd2 40.
f3 Rh2 41. Rc5 Rb2 42. Kxf4 Rxb6 43. Rc4 Rb1 44. h4 b5 45. Re4+ Kf7 46. Kf5 Rf1
47. f4 Rh1 48. Kg4 Rg1+ 49. Kf5 Rh1 50. Kg4 Rg1+ 51. Kh3 Rh1+ 52. Kg3 Rg1+ 53.
Kh2 Rg4 54. Kh3 Rg1 55. Rb4 Rf1 56. Kg4 Rg1+ 57. Kf5 Rh1 58. Rxb5 Rxh4 59. Rb7+
Kf8 60. Rc7 Rh6 61. Ke6 f5+ 62. Kxf5 Rb6 63. Kg5 1-0

[Event "Titled Tue 1st Jul Early"]
[Site "chess.com INT"]
[Date "2025.07.01"]
[Round "11"]
[White "McDonald, Jhustice-Dimonte"]
[Black "Rivera Huerta, Alberto"]
[Result "0-1"]
[WhiteTitle "CM"]
[BlackTitle "CM"]
[WhiteElo "2041"]
[BlackElo "1994"]
[WhiteFideId "7402481"]
[BlackFideId "5106052"]
[EventDate "2025.07.01"]

1. g3 Nf6 2. Bg2 g6 3. Nf3 Bg7 4. O-O O-O 5. d4 d6 6. Re1 Nc6 7. e4 e5 8. Nc3
Bg4 9. d5 Nd4 10. Be3 c5 11. dxc6 bxc6 12. Bxd4 exd4 13. Qxd4 Nd5 14. Qd3 Nxc3
15. bxc3 Qa5 16. e5 dxe5 17. Ng5 Rad8 18. Qc4 h6 19. Qxg4 hxg5 20. Qxg5 Qxc3 21.
Rac1 Rd2 22. Be4 f5 23. Bg2 Rxc2 24. Rb1 Qc5 25. Rf1 e4 26. Qxg6 Qe7 27. Rbe1
Rd2 28. g4 Rd6 29. Qh5 Rh6 30. Qxh6 Bxh6 31. gxf5 Bf4 32. Bxe4 Qg5+ 33. Kh1 Kh8
34. Rg1 Qh4 35. Rg2 Rg8 36. Rxg8+ Kxg8 37. Rg1+ Kf8 38. Rg2 Qf6 39. h4 Qb2 40.
Bf3 Qc1+ 41. Rg1 Qc3 42. Kg2 Qe5 43. h5 Qxf5 44. Rh1 Qg5+ 45. Kf1 Qb5+ 46. Kg2
Qb2 47. h6 Be3 48. Rf1 Bxh6 49. Bxc6 Qg7+ 50. Kh2 Bf4+ 51. Kh3 Qh6+ 52. Kg4 Qxc6
53. Kxf4 Qc4+ 54. Kg3 Qxf1 0-1

[Event "Titled Tue 1st Jul Early"]
[Site "chess.com INT"]
[Date "2025.07.01"]
[Round "11"]
[White "Osiecki, Stanislaw"]
[Black "Porozhnyak, Maya"]
[Result "1-0"]
[WhiteTitle "FM"]
[BlackTitle "WCM"]
[WhiteElo "1944"]
[BlackElo "1953"]
[WhiteFideId "1102990"]
[BlackFideId "34115843"]
[EventDate "2025.07.01"]

1. e4 c5 2. c3 d5 3. e5 d4 4. Bc4 e6 5. Nf3 a6 6. a4 Nc6 7. O-O b6 8. d3 Bb7 9.
Qe2 Nge7 10. Bf4 Ng6 11. Bg3 h5 12. h4 Be7 13. Qe4 Na5 14. Qe2 Nxc4 15. dxc4
Nxh4 16. Bxh4 Bxh4 17. cxd4 cxd4 18. Rd1 Be7 19. Nxd4 Qc7 20. Nc3 Rc8 21. b3 Bb4
22. Rac1 h4 23. f3 h3 24. g3 h2+ 25. Kg2 Rh5 26. Ne4 Rxe5 27. Qd3 Bxe4 28. fxe4
Rh5 29. Nf3 Rd8 30. Qxd8+ Qxd8 31. Rxd8+ Kxd8 32. Rh1 Kc7 33. Rxh2 Rxh2+ 34.
Nxh2 f6 35. Kf3 Kc6 36. Ke3 Bd6 37. Nf1 Kc5 38. Kd3 Kb4 39. Kc2 f5 40. exf5 exf5
41. Ne3 g6 42. Nd5+ Kc5 43. Nf4 Bxf4 44. gxf4 Kd4 45. Kd2 a5 46. Kc2 Ke4 47. b4
Kd4 48. c5 bxc5 49. bxa5 Kd5 50. a6 Kc6 51. Kc3 Kb6 52. Kc4 Kxa6 53. Kxc5 Ka5
54. Kd5 Kxa4 55. Ke5 Kb5 56. Kf6 Kc6 57. Kxg6 Kd7 58. Kxf5 Ke7 59. Ke5 Kf7 60.
Kf5 Ke7 61. Kg6 Kf8 62. Kf6 Ke8 63. Kg7 Ke7 64. f5 Kd6 65. f6 Ke5 66. f7 Ke4 67.
f8=Q 1-0

[Event "Titled Tue 1st Jul Early"]
[Site "chess.com INT"]
[Date "2025.07.01"]
[Round "11"]
[White "Gelman, Alexander"]
[Black "Flynn, Jacob"]
[Result "0-1"]
[WhiteTitle "IM"]
[BlackTitle "CM"]
[WhiteElo "2403"]
[BlackElo "2275"]
[WhiteFideId "4118316"]
[BlackFideId "2509393"]
[EventDate "2025.07.01"]

1. d4 Nf6 2. Nc3 d5 3. Bf4 e6 4. e3 a6 5. g4 Bb4 6. Ne2 c5 7. a3 Bxc3+ 8. Nxc3
cxd4 9. exd4 Bd7 10. Qd2 Nc6 11. O-O-O Rc8 12. g5 Nh5 13. Bd6 g6 14. Be2 Ng7 15.
h4 Nf5 16. Qf4 h5 17. gxh6 Nxd6 18. Qxd6 Qc7 19. Qg3 Qxg3 20. fxg3 Rxh6 21. g4
Ke7 22. h5 gxh5 23. gxh5 Rg8 24. Rdg1 Rxg1+ 25. Rxg1 Nxd4 26. Bd1 Nf5 27. Kd2
Bc6 28. Ne2 e5 29. c3 d4 30. cxd4 exd4 31. Bc2 Rxh5 32. Bxf5 Rxf5 33. Nxd4 Rf2+
34. Kc3 Bd5 35. Re1+ Kd6 36. Re8 f5 37. Rd8+ Ke5 38. Re8+ Kf4 39. Rf8 Be4 40. b4
Ke3 41. Re8 Rf1 42. Nc2+ Kf4 43. Nd4 Rf2 44. a4 Ke3 45. b5 axb5 46. Nxb5 Rc2+
47. Kb4 Rb2+ 48. Kc5 Rc2+ 49. Kb6 Rc6+ 50. Ka5 Ra6+ 51. Kb4 Kd3 52. Rd8+ Ke2 53.
Re8 Kf3 54. a5 b6 55. axb6 Rxb6 56. Kc5 Rh6 57. Nd4+ Kf4 58. Rf8 Rh1 59. Ne6+
Ke5 60. Nd4 Rc1+ 61. Kb4 Kxd4 0-1

[Event "Titled Tue 1st Jul Early"]
[Site "chess.com INT"]
[Date "2025.07.01"]
[Round "11"]
[White "Fronda, Jan Jodilyn"]
[Black "Romany, Joy"]
[Result "1-0"]
[WhiteTitle "WIM"]
[BlackTitle "WIM"]
[WhiteElo "2115"]
[BlackElo "1960"]
[WhiteFideId "5204585"]
[BlackFideId "10656820"]
[EventDate "2025.07.01"]

1. e4 e5 2. Nf3 Nc6 3. Bc4 Nf6 4. d4 exd4 5. e5 d5 6. Bb5 Ne4 7. Bxc6+ bxc6 8.
Nxd4 Bd7 9. O-O Bc5 10. f3 Ng5 11. Re1 O-O 12. c3 Ne6 13. Be3 Bb6 14. Na3 c5 15.
Nf5 c6 16. Nc2 Ng5 17. Nd6 Ne6 18. f4 Bc7 19. Nf5 Nxf4 20. Nxg7 Qg5 21. Qf3 Qxg7
22. Bxf4 Bg4 23. Qg3 Rae8 24. Ne3 Be6 25. Qxg7+ Kxg7 26. Nf1 d4 27. Ng3 d3 28.
b3 c4 29. Re4 cxb3 30. axb3 Bb6+ 31. Kf1 Bxb3 32. Nh5+ Kg6 33. Nf6 Rd8 34. Bd2
Bd5 35. Rg4+ Kf5 36. Re1 Ke6 37. Nxh7 Rg8 38. Ng5+ Kd7 39. Rf4 Rxg5 40. g3 Rg7
41. c4 Be6 42. Bb4 Kc8 43. Bd6 Rh8 44. Kg2 Rgh7 45. h4 Rg7 46. Kf3 Rhg8 47. c5
Rxg3+ 48. Ke4 Bc7 49. Ra1 Bd5+ 50. Kd4 Bxd6 51. cxd6 Kb7 52. Rb1+ Kc8 53. Ra1
Kb8 54. Kc3 Rg2 55. Rb4+ Ka8 56. Rba4 Kb8 57. Rxa7 c5 58. Rc7 d2 59. Rb1+ Ka8
60. Ra1+ Kb8 61. Rb1+ Ka8 62. Rxc5 R8g3+ 63. Kd4 Rg1 64. Ra5# 1-0

[Event "Titled Tue 1st Jul Early"]
[Site "chess.com INT"]
[Date "2025.07.01"]
[Round "11"]
[White "Lazavik, Denis"]
[Black "Pranav, V"]
[Result "1/2-1/2"]
[WhiteTitle "GM"]
[BlackTitle "GM"]
[WhiteElo "2580"]
[BlackElo "2594"]
[WhiteFideId "13515110"]
[BlackFideId "25060783"]
[EventDate "2025.07.01"]

1. d4 Nf6 2. c4 e6 3. Nc3 Bb4 4. a3 Bxc3+ 5. bxc3 Ne4 6. Qd3 f5 7. f3 Nf6 8. e4
fxe4 9. fxe4 e5 10. Nf3 Nc6 11. dxe5 Ng4 12. Bg5 Ngxe5 13. Qd2 Nxf3+ 14. gxf3
Ne7 15. c5 O-O 16. Bc4+ Kh8 17. O-O Qe8 18. Kh1 Ng6 19. Rae1 b6 20. f4 Bb7 21.
Bd5 Ba6 22. Rf2 c6 23. Ba2 bxc5 24. f5 Ne5 25. f6 g6 26. f7 Rxf7 27. Bxf7 Nxf7
28. Bf6+ Kg8 29. c4 Bxc4 30. Ba1 d6 31. Rc1 Be6 32. Qf4 Qe7 33. Rd1 Re8 34. Re1
Bd5 35. Kg1 Be6 36. Qf6 Qxf6 37. Bxf6 Bc4 38. Rb2 h6 39. Rb7 a6 40. Rc7 Bb5 41.
Kf2 g5 42. Kg2 Bd3 43. Kg1 Bxe4 44. Ra7 c4 45. Rxa6 Re6 46. Bc3 d5 47. Ra8+ Kh7
48. Ra7 Kg6 49. Rc7 c5 50. Rxc5 g4 51. Rf1 Ng5 52. Rf8 Nh3+ 53. Kf1 Bd3+ 54. Kg2
Re3 55. Bd4 Be4+ 56. Kf1 Bd3+ 57. Kg2 Be4+ 58. Kf1 Bd3+ 59. Kg2 1/2-1/2

[Event "Titled Tue 1st Jul Early"]
[Site "chess.com INT"]
[Date "2025.07.01"]
[Round "11"]
[White "Klys, Kacper"]
[Black "Shuvalov, Evgenij"]
[Result "1-0"]
[WhiteTitle "CM"]
[WhiteElo "2124"]
[BlackElo "1980"]
[WhiteFideId "21005281"]
[BlackFideId "4187237"]
[EventDate "2025.07.01"]

1. d4 Nf6 2. Nf3 g6 3. c4 Bg7 4. Nc3 d5 5. Bg5 dxc4 6. e4 h6 7. Bxf6 exf6 8.
Bxc4 O-O 9. h3 c5 10. d5 f5 11. O-O fxe4 12. Nxe4 Nd7 13. Re1 Nb6 14. Rc1 Nxc4
15. Rxc4 b6 16. b4 Ba6 17. Rc1 cxb4 18. d6 Rc8 19. Qb3 Rxc1 20. Rxc1 Bb7 21.
Nfd2 Bc3 22. Nxc3 bxc3 23. Nc4 Qg5 24. Ne3 Rd8 25. Qxc3 Rxd6 26. Qc7 Rd2 27.
Qxb7 Qf6 28. Qc8+ Kg7 29. Qc3 Qxc3 30. Rxc3 Rxa2 31. Nd5 b5 32. Rb3 a6 33. Kf1
h5 34. Nc3 Ra1+ 35. Ke2 Kf6 36. Nd5+ Ke5 37. Ne7 Kd6 38. Ng8 Kc5 39. Rb2 Kc4 40.
Kd2 b4 41. Ne7 a5 42. Nc6 Kb5 43. Nd4+ Kc4 44. Nc6 b3 45. Ne5+ Kb4 46. Nxf7 a4
47. Ne5 a3 48. Nd3+ Kc4 49. Ne5+ Kb4 50. Nc6+ Kc4 51. Na5+ Kb4 52. Rxb3+ Kxa5
53. Kc2 Ka4 54. Rb8 Rf1 55. Ra8+ Kb4 56. Rf8 a2 57. Rb8+ Kc4 58. Rc8+ Kd4 59.
Rd8+ Ke5 60. Ra8 a1=Q 61. Ra5+ 1-0